00472nas a2200193 4500000000100000008004100001260001300042653002300055653001100078653001700089653001200106653001900118100001700137245005200154856004100206300001000247490000700257022001400264 1981 d c1981 Jun10aAntibody Formation10aHumans10aInflammation10aleprosy10aNervous System1 aHill-Smith I00aThe immunopathology of nerve damage in leprosy. uhttp://ila.ilsl.br/pdfs/v49n2a11.pdf a223-70 v49 a0148-916X